Agriculture in Nigeria: Identifying opportunities for increased commercialization and investment (Record no. 3828)

MARC details
000 -LEADER
fixed length control field 00423nam a22001337a 4500
008 - FIXED-LENGTH DATA ELEMENTS--GENERAL INFORMATION
fixed length control field 250605b |||||||| |||| 00| 0 eng d
020 ## - INTERNATIONAL STANDARD BOOK NUMBER
ISBN 9781312491
100 ## - MAIN ENTRY--AUTHOR
Author Manyong V.M
245 ## - TITLE STATEMENT
Title Agriculture in Nigeria: Identifying opportunities for increased commercialization and investment
260 ## - PUBLICATION, DISTRIBUTION, ETC. (IMPRINT)
Place of publication Ibadan
Name of publisher International institute of tropical agriculture
Date of publication 2005
300 ## - COLLATION
Pagination 190p
942 ## - ADDED ENTRY ELEMENTS (KOHA)
Item type Books
050 ## - LIBRARY OF CONGRESS CALL NUMBER
Classification number S 338
Item number .M 36
Holdings
Source of classification or shelving scheme Not for loan Permanent location Current location Date acquired Accession No. Full call number Barcode. Koha item type
Library of Congress Classification   Samuel Ogbemudia Main Library, University of Abuja Samuel Ogbemudia Main Library, University of Abuja 06/05/2025 2023/61061-63 S 338.M 36 2025-2459 Books
Library of Congress Classification   Samuel Ogbemudia Main Library, University of Abuja Samuel Ogbemudia Main Library, University of Abuja 06/05/2025 2023/61061-63 S 338.M 36 2025-2460 Books
Library of Congress Classification   Samuel Ogbemudia Main Library, University of Abuja Samuel Ogbemudia Main Library, University of Abuja 06/05/2025 2023/61061-63 S 338.M 36 2025-2461 Books